| 000 | 01629cam a2200373 i 4500 | ||
|---|---|---|---|
| 001 | 64363 | ||
| 003 | Mx-PuUPA | ||
| 005 | 20220228120845.0 | ||
| 008 | 160328s2017 mx grs 000 0 spa d | ||
| 020 | _cen trámite | ||
| 040 |
_aMx-PuUPA _bspa _erda _cMx-PuUPA _dMx-PuUPA |
||
| 041 | 0 | _aspa | |
| 245 | 0 | 0 |
_aPanorama educativo de México : _bindicadores del Sistema Educativo Nacional 2016. Educación básica y media superior / _ccoordinadores, Héctor Virgilio Robles Vásquez y Mónica Gladis Pérez Miranda ; autores, Verónica Medrano Camacho [y otros 15] |
| 250 | _aPrimera edicion | ||
| 264 | 1 |
_aCiudad de México : _bInstituto Nacional para la Evaluación de la Educación, _c2017 |
|
| 300 |
_a508 páginas : _bilustraciones ; _c27 cm |
||
| 336 |
_atexto _btxt _2rdacontent |
||
| 337 |
_asin medio _bn _2rdamedia |
||
| 337 |
_acomputadora _bc _2rdamedia |
||
| 338 |
_avolumen _bnc _2rdacarrier |
||
| 338 |
_adisco compacto _bcd _2rdacarrier |
||
| 650 | 7 |
_aEvaluación educativa _zMéxico _xEstadísticas |
|
| 650 | 7 |
_aEducación y estado _zMéxico |
|
| 650 | 7 |
_aEducación elemental _zMéxico _xEstadísticas |
|
| 650 | 7 |
_aEducación media superior _zMéxico _xEstadísticas |
|
| 700 | 1 |
_aRobles Vásquez, Héctor Virgilio, _ecoordinador _911916 |
|
| 700 | 1 |
_aPérez Miranda, Mónica Gladis, _ecoordinador |
|
| 700 | 1 |
_aMedrano Camacho, Verónica, _eautor |
|
| 830 | 0 |
_aPublica social ; _v6. |
|
| 942 |
_2ddc _cLI _h379.1580972 _iP187 |
||
| 999 |
_c64363 _d64363 |
||